书目信息 |
| 题名: |
机床电气控制
|
|
| 作者: | 宋运伟 主编 | |
| 分册: | ||
| 出版信息: | 天津 天津大学出版社 2008.04 |
|
| 页数: | 293页 | |
| 开本: | 26cm | |
| 丛书名: | ||
| 单 册: | ||
| 中图分类: | TG502.35 | |
| 科图分类: | ||
| 主题词: | 机床--电气控制 | |
| 电子资源: | ||
| ISBN: | 978-7-5618-2636-2 | |
| 000 | 01053nam0 2200253 450 | |
| 001 | 0011006215 | |
| 005 | 20100722100720.04 | |
| 010 | @a978-7-5618-2636-2@dCNY30.00 | |
| 100 | @a20100515d2008 em y0chiy0110 ea | |
| 101 | 0 | @achi |
| 102 | @aCN@b120000 | |
| 105 | @aa a 000yy | |
| 200 | 1 | @a机床电气控制@Aji chuang dian qi kong zhi@d= Electric Control of Machine tool@f宋运伟主编@zeng |
| 210 | @a天津@c天津大学出版社@d2008.04 | |
| 215 | @a293页@c图@d26cm | |
| 300 | @a卓越系列·教育部高职高专自动化技术类专业教指委推荐教材 | |
| 320 | @a有书目 (第293页) | |
| 330 | @a本书为高等职业技术院校数控类专业教材,供各类高职院校、技师学院、高级技校相关专业使用。主要内容有:机床电气控制基础,变压器的结构和原理,直流电动机、交流电动机,步进电动机的工作原理、电气调速系统以及选型,可编程控制器的基本原理和逻辑指令,机床电气控制线路分析和线路设计等。 | |
| 510 | 1 | @aElectric Control of Machine tool@zeng |
| 606 | 0 | @a机床@x电气控制 |
| 690 | @aTG502.35@v4 | |
| 701 | 0 | @a宋运伟@Asong yun wei@4主编 |
| 801 | 0 | @aCN@c20100515 |
| 905 | @dTG502.35@eS785@f3 | |
| 机床电气控制= Electric Control of Machine tool/宋运伟主编.-天津:天津大学出版社,2008.04 |
| 293页:图;26cm |
| 卓越系列·教育部高职高专自动化技术类专业教指委推荐教材 |
| ISBN 978-7-5618-2636-2:CNY30.00 |
| 本书为高等职业技术院校数控类专业教材,供各类高职院校、技师学院、高级技校相关专业使用。主要内容有:机床电气控制基础,变压器的结构和原理,直流电动机、交流电动机,步进电动机的工作原理、电气调速系统以及选型,可编程控制器的基本原理和逻辑指令,机床电气控制线路分析和线路设计等。 |
| ● |
| 相关链接 |
|
|
|
正题名:机床电气控制
索取号:TG502.35/S785
 
预约/预借
| 序号 | 登录号 | 条形码 | 馆藏地/架位号 | 状态 | 备注 |
| 1 | 993568 | 209935686 | 自科库501/501自科库 27排2列3层/ [索取号:TG502.35/S785] | 在馆 | |
| 2 | 993569 | 209935695 | 自科库501/501自科库 27排2列3层/ [索取号:TG502.35/S785] | 在馆 | |
| 3 | 993570 | 209935702 | 自科库501/501自科库 27排2列3层/ [索取号:TG502.35/S785] | 在馆 |